000 00543nam a2200229Ia 4500
003 OSt
005 20220924142503.0
006 a|||||r|||| 00| 0
007 ta
008 ASM
024 _a302143
037 _cTextual
040 _aARTS
_cARTS
_bASM
041 _2ASM
_aASM
082 _aO13,1D30,1y5, 158L5
100 _aPhukan
_9213459
245 0 _aUlissir kahini
260 _c1975
650 _aASSAMESE LITERATURE
_911738
942 _hO13,1D30,1y5, 158L5
_cTEXL
_2CC
999 _c450890
_d450890